000 00680nam a2200265Ia 4500
005 20260121170459.0
008 008 260114s9999 xx 000 0 eng d
020 _a9783319629179
037 _aEBOOK
040 _aCRL
040 _beng
040 _cCRL
041 _2eng
041 _aeng
084 _qCRL
100 _aVasileios Zeimpekis, Emel Aktas, Michael Bourlakis, Ioannis Minis
_91064415
245 0 _aSustainable Freight Transport
260 _bSpringer
260 _bSpringer
260 _c2018
856 _uhttps://link.springer.com/openurl?genre=book&isbn=978-3-319-62917-9
942 _cEBOOK
999 _c1630144
_d1630144